Statistiques concernant Personnes par citations apocryphes

Cliquez ici pour prendre le quiz!

Statistiques générales

  • Ce quiz a été pris 5 092 fois
  • Le résultat moyen est 10 sur 20

Statistiques - réponses

Citation apocrypheNationalitéPersonne% Correct
Qu'ils mangent de la briocheAutrichienneMarie-Antoinette
90%
Élémentaire, mon cher WatsonBritanniqueArthur Conan Doyle
73%
Tu quoque mi filiRomaineJules César
69%
La mort d’un homme est une tragédie. La mort d’un million d’hommes est une statistiqueSoviétiqueJoseph Staline
67%
L'État, c'est moiFrançaiseLouis XIV
65%
Le gouvernement avait le choix entre la guerre et le déshonneur ;
il a choisi le déshonneur et il aura la guerre
BritanniqueWinston Churchill
65%
Soyez le changement que vous voulez voir dans le mondeIndienneMahatma Gandhi
62%
Laissez donc la Chine dormir, car lorsque la Chine s'éveillera le monde entier trembleraFrançaiseNapoléon Ier
57%
Rien ne se perd, rien ne se créé, tout se transformeFrançaiseAntoine Lavoisier
55%
Les espèces qui survivent ne sont pas les espèces les plus fortes, ni les
plus intelligentes mais celles qui s'adaptent le mieux aux changements
BritanniqueCharles Darwin
51%
Des chercheurs qui cherchent, on en trouve ; des chercheurs qui trouvent, on en chercheFrançaiseCharles de Gaulle
51%
Et pourtant, elle tourneItalienneGalilée
50%
L’important n’est pas de gagner, mais de participerFrançaisePierre de Coubertin
43%
Je ne suis pas d'accord avec ce que vous dites, mais je me battrai
jusqu'à la mort pour que vous ayez le droit de le dire
FrançaiseVoltaire
39%
Paris vaut bien une messeFrançaiseHenri IV
34%
La fin justifie les moyensItalienneNicolas Machiavel
31%
Si les abeilles venaient à disparaître, l'humanité n'aurait plus
que quatre années devant elle
AméricaineAlbert Einstein
24%
La démocratie, c'est deux loups et un agneau votant ce qu'il y aura au dînerAméricaineBenjamin Franklin
11%
La garde meurt mais ne se rend pasFrançaisePierre Cambronne
10%
Le XXIe siècle sera spirituel ou ne sera pasFrançaiseAndré Malraux
8%

Distribution des résultats

Percentile par nombre de réponses

% des personnes avec chaque résultat

Votre développement - résultats

Vous n’avez pas pris ce quiz